UBT Library

Toward sustainable communities : (Record no. 1197)

000 -LEADER
fixed length control field 00608nam a22001817a 4500
008 - FIXED-LENGTH DATA ELEMENTS--GENERAL INFORMATION
fixed length control field 150930b xxu||||| |||| 00| 0 eng d
020 ## - INTERNATIONAL STANDARD BOOK NUMBER
International Standard Book Number 0865715351
041 0# - LANGUAGE CODE
Language code of text/sound track or separate title eng
080 ## - UNIVERSAL DECIMAL CLASSIFICATION NUMBER
Universal Decimal Classification number 307.1
100 1# - Rafti
Rafti Roseland, Mark.
245 10 - TITLE STATEMENT
Title Toward sustainable communities :
Statement of responsibility, etc Mark Roseland ; with Sean Connelly ... [et al.] ; foreword by Jeb Brugmann.
250 ## -
-- Rev ed.
260 ## -
-- Gabriola Island, BC :
-- New Society Publishers,
-- 2005.
300 ## -
-- xvi, 239 f. :
-- me il.;
-- 23 cm.
650 #0 -
-- Planifikimi i qytetit
650 #0 -
-- Mjedisi
942 ## - ADDED ENTRY ELEMENTS (KOHA)
Source of classification or shelving scheme
Item type Books
Holdings
Withdrawn status Lost status Source of classification or shelving scheme Damaged status Not for loan Collection code Permanent location Current location Shelving location Date acquired Total Checkouts Full call number Barcode Date last seen Koha item type Price effective from
          Koleksioni i përgjithshem UBT - Lipjan UBT - Lipjan Koleksioni i përgjithshem 09/30/2015   307.1 ROS 002-008129 09/30/2015 Books  
          Koleksioni i përgjithshem UBT - Lipjan UBT - Lipjan Koleksioni i përgjithshem 10/01/2015   307.1 ROS 002-008128 10/01/2015 Books 10/01/2015
          Koleksioni i përgjithshem UBT - Lipjan UBT - Lipjan Koleksioni i përgjithshem 10/01/2015   307.1 ROS 002-008127 10/01/2015 Books 10/01/2015
          Koleksioni i përgjithshem UBT - Lipjan UBT - Lipjan Koleksioni i përgjithshem 12/03/2015   307.1 ROS 002-008655 12/03/2015 Books 12/03/2015
UBT Library © 2015-2024. All rights reserved University Education for Business and Technology